Per rollam hlasovanie obecného zastupiteľstva
Hlasovanie per rollam ako posledná možná alternatíva obecného zastupiteľstva o určitých nevyhnutných otázkach v oblasti krízových opatrení alebo v prípade hroziacej škody. Systém hlasovania. Proces prijatia uznesenia hlasovaním per rollam.
Guardado en:
| Autor principal: | |
|---|---|
| Formato: | Capítulo de libro |
| Lenguaje: | eslovaco |
| Materias: | |
| Etiquetas: |
Sin Etiquetas, Sea el primero en etiquetar este registro!
|
MARC
| LEADER | 00000naa a2200000 4500 | ||
|---|---|---|---|
| 001 | 0264120 | ||
| 005 | 20200612095105.7 | ||
| 041 | 0 | |a slo | |
| 044 | |a SK | ||
| 245 | 1 | 0 | |a Per rollam hlasovanie obecného zastupiteľstva |c Jozef Tekeli |
| 520 | |a Hlasovanie per rollam ako posledná možná alternatíva obecného zastupiteľstva o určitých nevyhnutných otázkach v oblasti krízových opatrení alebo v prípade hroziacej škody. Systém hlasovania. Proces prijatia uznesenia hlasovaním per rollam. | ||
| 610 | 2 | 0 | |a zastupiteľstvá obecné |
| 610 | 2 | 0 | |a novelizácia |
| 610 | 2 | 0 | |a legislatíva |
| 610 | 2 | 0 | |a technológie komunikačné |
| 610 | 2 | 0 | |a opatrenia |
| 610 | 2 | 0 | |a kríza |
| 100 | 1 | |a Tekeli, Jozef | |